000 00306nam a22001457a 4500
003 SGT
020 _a978-93-81390-30-61
082 _a574
_bB16R
100 _aRANDHAWA,S.S
245 _aBIOLOGICAL SCIENCE
260 _aJALANDHAR
_bS.VIKAS
_c2016
300 _a663
650 _aPHARMACY
942 _2ddc
_cBK
999 _c11064
_d11064